000
00343nam a2200157Ia 4500
003
0STCL
008
150530s9999 xx 000 0 und d
040
_a
STCL
_c
STCL
100
_a
Sydney Chapman, J.
245
_a
Work and wages part-2
260
_c
1908
546
_a
English
942
_2
ddc
_c
BK
999
_c
9221
_d
9221
005
20220125165523.0